Представление документа в формате RUSMARC

ПолеНазваниеЗначение
  Тип записи a
  Библиографический уровень a
001 Контрольный номер RU/REG73/CBS_GRAD/5e481350407e491f9f082951a9fe7b0d
005 Дата корректировки 20260114135832.4
100 Данные общей обработки __
a Данные общей обработки 20260114a20251216|||c0rusy0189 ca
101 Язык документа 0_
a Язык текста rus
102 Страна публикации __
a Страна публикации RU
200 Заглавие и сведения об ответственности 1_
a Заглавие Более устойчивый формат работы
e Сведения, относящиеся к заглавию На заводе "Контактор" в промзоне "Заволжье" запущена новая автоматическая линия по производству модульного оборудования
f Первые сведения об ответственности Игорь Черных
461 Уровень набора _0
1 2000
a Ульяновская правда
463 Уровень физической единицы _0
1 2000
a № 94 (24.850) (16 декабря)
v С.2
1 2101
d 2025
1 001RU/REG73/CBS_GRAD/35ae0ff0c43b4fbeadc6901dd3f779d2
606 Тематические рубрики 0_
a Основная рубрика Экономика
686 Индексы других классификаций __
a Классификационный индекс 65
2 Код системы rubbk
700 Автор _1
a Фамилия Черных
b Имя (инициалы) И.
g Полное личное имя Игорь
801 Источник записи _0
a Страна RU
b Организация RuCBSGrad
c Дата составления 20260114
g Правила каталогизации RCR
801 Источник записи _1
a Страна RU
b Организация RuCBSGrad
c Дата составления 20260114
g Правила каталогизации RCR
852 Данные о местонахождении __
a Наименование организации МБУК ЦБС г. Димитровграда
901 Тип документа __
t Тип документа f
w Контрольный № источника RU/REG73/CBS_GRAD/35ae0ff0c43b4fbeadc6901dd3f779d2
909 Создатель записи __
a Создатель записи Тенигина
b Дата создания записи 20260114